Library Banner

Women's encyclopedia in 21st century (Record no. 44040)

MARC details
000 -LEADER
fixed length control field 00469nam a2200181Ia 4500
001 - CONTROL NUMBER
control field 46087
008 - FIXED-LENGTH DATA ELEMENTS--GENERAL INFORMATION
fixed length control field 140429s9999 xx 000 0 und d
020 ## - INTERNATIONAL STANDARD BOOK NUMBER
International Standard Book Number 9788188730636
040 ## - CATALOGING SOURCE
Transcribing agency PK-LaUMT
082 ## - DEWEY DECIMAL CLASSIFICATION NUMBER
Classification number R 305.40954
Item number SHA-W
100 ## - MAIN ENTRY--PERSONAL NAME
Personal name Sharma, Sarita
245 ## - TITLE STATEMENT
Title Women's encyclopedia in 21st century
Statement of responsibility, etc Sharma, Sarita
260 ## - PUBLICATION, DISTRIBUTION, ETC. (IMPRINT)
Place of publication, distribution, etc Jaipur,India:
Name of publisher, distributor, etc Shree Niwas Publications,
Date of publication, distribution, etc 2010
501 ## - WITH NOTE
With note 2 vols.
546 ## - LANGUAGE NOTE
Language note EN
650 ## - SUBJECT ADDED ENTRY--TOPICAL TERM
Topical term or geographic name as entry element Women-India
942 ## - ADDED ENTRY ELEMENTS (KOHA)
Koha item type Books
Holdings
Withdrawn status Lost status Source of classification or shelving scheme Damaged status Not for loan Home library Current library Date acquired Total Checkouts Full call number Barcode Date last seen Price effective from Koha item type
    Dewey Decimal Classification     UMT Main Campus UMT Main Campus 2014-04-29   R 305.40954 SHA-W 55132 2014-05-06 2014-05-06 Reference
    Dewey Decimal Classification     UMT Main Campus UMT Main Campus 2014-06-26   R 305.40954 SHA-W 55133 2014-06-26 2014-06-26 Reference